000 00344nam a2200157Ia 4500
003 IT-RoPAU
008 120407s9999 xx 000 0 und d
040 _aIT-RoPAU
040 _cIT-RoPAU
245 _aGrandi viaggiatori della fede….
245 _cAA.VV.
260 _aSan Paolo Edizioni
300 _c cm
490 _v1
942 _cBK
999 _c10784
_d10784